000 00333nam a22001457a 4500
008 210305b ||||| |||| 00| 0 eng d
020 _a9780262531177
041 _aeng
080 _a038
082 _2038
100 _a23
101 _aFJA
245 _aDictionary of Environment and Development
_cAndy Crump
942 _2udc
_cBK
999 _c55848
_d55848